Instrumentation and methods for inertial surveying (Record no. 88383)

MARC details
000 -LEADER
fixed length control field 00768cam a2200229 4500
001 - CONTROL NUMBER
control field D15518
008 - FIXED-LENGTH DATA ELEMENTS--GENERAL INFORMATION
fixed length control field 090401t1980 xxu||||| |||| 00| 0 eng d
035 ## - SYSTEM CONTROL NUMBER
System control number (Sirsi) u23334
041 ## - LANGUAGE CODE
Language code of text/sound track or separate title eng
050 ## - LIBRARY OF CONGRESS CALL NUMBER
Classification number 526.3
100 ## - MAIN ENTRY--PERSONAL NAME
Personal name Cross, P.A.
245 ## - TITLE STATEMENT
Title Instrumentation and methods for inertial surveying
260 ## - PUBLICATION, DISTRIBUTION, ETC.
Name of publisher, distributor, etc. RICS
Date of publication, distribution, etc. 1980
300 ## - PHYSICAL DESCRIPTION
Extent 31 leaves. illus. 30cm
350 ## - PRICE (NR) (BK AM CF MU VM SE) [OBSOLETE]
Price 0
520 ## - SUMMARY, ETC.
Summary, etc. Filed in box 1980/9 A; Paper presentated at the Ordinary General Meeting of the Land Surveyors` Division of the RICS, 10 January 1980
700 ## - ADDED ENTRY--PERSONAL NAME
Personal name Webb, J.P.
710 ## - ADDED ENTRY--CORPORATE NAME
Corporate name or jurisdiction name as entry element Royal Institution of Chartered Surveyors
9 (RLIN) 4900
710 ## - ADDED ENTRY--CORPORATE NAME
Corporate name or jurisdiction name as entry element Land Surveyors` Division and N.E. London Polytechnic Department of Land Surveying
9 (RLIN) 1113
942 ## - ADDED ENTRY ELEMENTS (KOHA)
Suppress in OPAC 0
948 ## - LOCAL PROCESSING INFORMATION (OCLC); SERIES PART DESIGNATOR (RLIN)
c (OCLC) 04/03/1997
Holdings
Withdrawn status Lost status Source of classification or shelving scheme Damaged status Not for loan Home library Current library Shelving location Date acquired Total Checkouts Full call number Barcode Date last seen Copy number Price effective from Koha item type
    Other/Generic Classification Scheme     London London RICS Boxes 22/08/1991   RICS 1980/9 30026567 06/08/2019 1 06/08/2019 Reference material